| 000 | 00392nam a22001337a 4500 | ||
|---|---|---|---|
| 082 |
_a532.053 _bMEC _cL-tech P-166 |
||
| 100 |
_aDrysdale, C.V. _939939 |
||
| 245 | _aThe Mechanical properties of fluids. | ||
| 260 |
_aGreat Britain. _bBlackie and Son Ltd. _c1925 |
||
| 300 |
_axiv, 360 p. : _bill. : _c8 Cm |
||
| 526 |
_a0 _b0 _c0 _d532_053000000000000_MEC |
||
| 650 |
_aMCE _9379 |
||
| 942 |
_2ddc _cBK |
||
| 999 |
_c544357 _d544357 |
||